| 000 | 00931nam a2200217 i 4500 | ||
|---|---|---|---|
| 001 | 161204 | ||
| 003 | ES-MaACL | ||
| 005 | 20230906212221.0 | ||
| 008 | 011025s1855 fr |||| | fre d | ||
| 040 |
_aCAM _bspa _cCAM |
||
| 100 | 0 |
_aFederico Ozanam _cBeato. _988069 |
|
| 245 | 1 | 4 |
_aLes germains avant le christianisme _b: recherches sur les origines, les traditions, les institutions des peuples germaniques, et sur leur établissement dasn l'empire romain / _cA.F. Ozaman. |
| 250 | _a2e éd. | ||
| 260 |
_aParis : _bJacques Lecoffre et c\pie\s éditeurs, _c1855 ( _fImp. Simon Raçon et comp.) |
||
| 300 |
_a447 p. ; _c22 cm. |
||
| 490 | 1 |
_aOeuvres complètes de A.F. Ozanam ; _v3. _aEtudes germaniques. 1 |
|
| 651 | 4 |
_aAlemania- _xHistoria- _yHasta 843. _9164764 |
|
| 830 | 0 |
_aOeuvres complètes de A.F. Ozanam ; _v3. _aEtudes germaniques. 1 _9222091 |
|
| 852 |
_aES-MaACL _jG-8320 _z- Enc. hol. |
||
| 999 |
_c161204 _d161204 |
||